Приключения в далечното кралство (Запис номер 496366)
[ съкратено ]
| 000 -Лидер | |
|---|---|
| Контролно поле с фиксирана дължина | 01141nam a2200301 a 4500 |
| 003 - Код на организацията, давaща контролен номер | |
| Контролно поле | BLK |
| 005 - Дата и час на последна редакция | |
| Контролно поле | 20250414154103.0 |
| 008 - Елементи от данни с фиксирана дължина | |
| fixed length control field | 180412b bul|||||r ||||||| ||bul|| |
| 020 ## - Международен стандартен номер на книга ISBN | |
| Международен стандартен номер на книга ISBN | 9786197731194 |
| 040 ## - Източник на каталожния запис | |
| Идентификатор на билиотеката - собственик на записа | BLK |
| 041 ## - Код за език | |
| Код за езика на текст/звукозапис или на отделно заглавие | Български |
| Код за езика КДБФ | Български |
| 080 ## - УДК | |
| Текстов определител УДК | Белгийска литература |
| УДК код - определител по УДК | 821.133.1(493) |
| УДК определител | 93-34 |
| УДК - код + определител | 821.133.1(493)-93-34 |
| 100 ## - Редна дума - Автор | |
| R(LIN) | 489278 |
| Автор | Мажор, Леня |
| Авторска отговорност | първи автор |
| 139 ## - Редно поле | |
| Авторски знак | Маж - М 15 |
| 245 ## - Сведения за заглавието | |
| Заглавие | Приключения в далечното кралство |
| Редно поле (дума) | Леня Мажор, Карин Индер, Жером Пелисие ; прев. Жана Парашкевова. |
| 257 ## - Страна на издаване | |
| Страна на създаване/издаване | България |
| 260 ## - Област на издателските данни | |
| Място на издаване, разпространение и проч. | София |
| Име на издателя, разпространителя и проч. | Арт етърнал принт |
| Година на издаване | 2023 |
| 9 (RLIN) | 489279 |
| Издателство - префикс ISBN | 978-619-191- |
| 300 ## - Физическа характеристика | |
| Страници | 112 с. |
| Илюстрации и др. | с цв. ил. |
| Размери/Мащаб | 29 см |
| 380 ## - Жанр | |
| Жанр | Детска худож. лит. |
| 700 ## - Други автори (авторска отговорност) | |
| 9 (RLIN) | 489280 |
| Лично име | Индер, Карин |
| 700 ## - Други автори (авторска отговорност) | |
| 9 (RLIN) | 489281 |
| Лично име | Пелисие, Жером |
| 700 ## - Други автори (авторска отговорност) | |
| 9 (RLIN) | 485673 |
| Лично име | Парашкевова, Жана |
| Автороска отговорност (Описва отношението между автора и произведението) | прев. |
| 856 ## - Електронен адрес и достъп | |
| Инструкция (цена за достъп) | 0.00 |
| Права за достъп | disable |
| 942 ## - АРТИКУЛИ | |
| Вид на библиотечния материал | Книги |
| Скрит в OPAC | Не |
| Периодичен библиозапис | Да |
| Koha issues (borrowed), all copies | 16 |
| 944 ## - СЪЗДАВАНЕ И РЕДАКЦИЯ на ЗАПИСА | |
| Създаване/Редакция | Създаване |
| Дата на регистрацията/редакция | Нора Радева |
| Служител, извършил регистрацията/редакцията | 30537 |
| Статус, дата на статуса | Грета Цуфелде |
| 999 ## - СИСТЕМНИ КОНТРОЛНИ НОМЕРА | |
| Koha biblionumber | 496366 |
| Koha biblioitemnumber | 496366 |
| 999 ## - СИСТЕМНИ КОНТРОЛНИ НОМЕРА | |
| Koha biblioitemnumber | 496366 |
| 999 ## - СИСТЕМНИ КОНТРОЛНИ НОМЕРА | |
| Koha biblioitemnumber | 487493 |
| Код за отписване | Код за изгубен артикул | Източник на класификационната схема | Код за повреда | Код за отдаване | Артикулен № | Име на библиотеката - собственик | Име на библиотеката, в която се намира в момента | Статус (Текущо местоположение) | Дата на вписване в системата | Местоположение - отдел | Цена в лева | Инвентарен номер | Систематично азбучна сигнатура | Баркод | Цена в евро | Служебен тип на артикула |
|---|---|---|---|---|---|---|---|---|---|---|---|---|---|---|---|---|
| Не е изгубен | Universal Decimal Classification | Не е повреден | заемане за дома | 934672 | Регионална библиотека "Любен Каравелов" Русе | Регионална библиотека "Любен Каравелов" Русе | Детски отдел | 2023-10-20 | Детски отдел | 11.20 | 120000893836 | 821-93/М 15 Л | 120000893836 | 5.73 | Книги | |
| Не е изгубен | Universal Decimal Classification | Не е повреден | заемане за дома | 934673 | Регионална библиотека "Любен Каравелов" Русе | Регионална библиотека "Любен Каравелов" Русе | Детски отдел | 2023-10-20 | Детски отдел | 11.20 | 120000893837 | 821-93/М 15 Л | 120000893837 | 5.73 | Книги |